[Event "Heusenstamm Sparkassen op-A 7th"]
[Site "Heusenstamm"]
[Date "2021.11.19"]
[Round "3.69"]
[White "Knoedler, Marcel"]
[Black "Schellen, Sven"]
[Result "1-0"]
[WhiteElo "1857"]
[BlackElo "1848"]
[PlyCount "53"]
[EventDate "2021.11.18"]
[EventType "swiss"]
[EventRounds "7"]
[EventCountry "GER"]
[SourceTitle "EXT 2023"]
[Source "ChessBase"]
[SourceDate "2022.10.05"]
[SourceVersion "1"]
[SourceVersionDate "2022.10.05"]
[SourceQuality "1"]

1. c4 c5 2. g3 Nf6 3. Bg2 d5 4. cxd5 Nxd5 5. Nc3 Nc7 6. Nf3 Nc6 7. d3 e5 8. b3 Be7 9. Bb2 0-0 10. 0-0 Rb8 11. Rc1 f6 12. Nd2 Bd7 13. Nc4 b6 14. a3 Nd4 15. e3 Nde6 16. Qe2 Re8 17. Rfd1 Bf8 18. Qc2 g5 19. Ne2 g4 20. d4 exd4 21. exd4 Bh6 22. Ra1 Qe7 23. d5 Ng5 24. d6 Qxe2 25. Qxe2 Rxe2 26. dxc7 Rc8 27. Rxd7 1-0

[Event "Oberliga Ost-B 2122"]
[Site "Germany"]
[Date "2021.10.10"]
[Round "1.8"]
[White "Knoedler, Marcel"]
[Black "Spitzl, Philipp"]
[Result "1-0"]
[WhiteElo "1842"]
[BlackElo "2025"]
[PlyCount "109"]
[EventDate "2021.10.10"]
[EventType "team-tourn"]
[EventRounds "11"]
[EventCountry "GER"]
[SourceTitle "EXT 2023"]
[Source "ChessBase"]
[SourceDate "2022.10.05"]
[SourceVersion "1"]
[SourceVersionDate "2022.10.05"]
[SourceQuality "1"]
[WhiteTeam "Wiesbaden"]
[BlackTeam "Griesheim"]
[WhiteTeamCountry "GER"]
[BlackTeamCountry "GER"]

1. c4 e6 2. b3 Nf6 3. g3 d5 4. Bg2 Be7 5. Nf3 0-0 6. 0-0 b6 7. Bb2 Bb7 8. e3 c5 9. Qc2 Nc6 10. a3 Qd7 11. Ne5 Nxe5 12. Bxe5 Rfd8 13. Ra2 dxc4 14. bxc4 Bxg2 15. Kxg2 Qd3 16. Bxf6 Bxf6 17. Qxd3 Rxd3 18. Kf3 Rad8 19. Ke2 g6 20. Rc1 Bg7 21. Nc3 R3d7 22. Nd1 f5 23. f3 g5 24. Nf2 Kf7 25. Rb1 Rb8 26. a4 Be5 27. Ra3 Rbd8 28. Rd3 Bc7 29. Rxd7+ Rxd7 30. Rb3 h5 31. Rd3 Re7 32. Rb3 g4 33. d4 Kf6 34. dxc5 bxc5 35. Rb7 Bd6 36. Rxe7 gxf3+ 37. Kxf3 Bxe7 38. Nd3 e5 39. e4 Ke6 40. h3 Bd6 41. exf5+ Kxf5 42. g4+ hxg4+ 43. hxg4+ Kg5 44. Ke4 Kxg4 45. Nxe5+ Kg3 46. Kd5 Bc7 47. Nd3 Kf3 48. Nxc5 Ke3 49. Ne6 Ba5 50. c5 Kd3 51. c6 Kc3 52. Kc5 a6 53. c7 Bxc7 54. Nxc7 Kb3 55. a5 1-0

[Event "Heusenstamm Sparkassen op-A 6th"]
[Site "Heusenstamm"]
[Date "2019.11.23"]
[Round "5"]
[White "Weise, Martin"]
[Black "Knoedler, Marcel"]
[Result "1-0"]
[WhiteElo "2118"]
[BlackElo "1809"]
[PlyCount "33"]
[EventDate "2019.11.21"]
[EventType "swiss"]
[EventRounds "7"]
[EventCountry "GER"]
[SourceTitle "CBM 194 Extra"]
[Source "ChessBase"]
[SourceDate "2020.03.31"]
[SourceVersion "1"]
[SourceVersionDate "2020.03.31"]
[SourceQuality "1"]

1. Nf3 d5 2. d4 Nf6 3. Bf4 c5 4. e3 Nc6 5. Nbd2 e6 6. c3 Bd6 7. Bg3 0-0 8. Bd3 Re8 9. Ne5 Qc7 10. f4 Bxe5 11. fxe5 Nd7 12. 0-0 Nf8 13. Qh5 Ng6 14. Nf3 Nd8 15. Ng5 h6 16. Nxf7 Nxf7 17. Qxg6 1-0

[Event "Wiesbaden op 31st"]
[Site "Wiesbaden"]
[Date "2019.08.25"]
[Round "7"]
[White "Hoffmann, Jens"]
[Black "Knoedler, Marcel"]
[Result "1/2-1/2"]
[WhiteElo "2143"]
[BlackElo "1647"]
[PlyCount "119"]
[EventDate "2019.08.22"]
[EventType "swiss"]
[EventRounds "7"]
[EventCountry "GER"]
[SourceTitle "EXT 2020"]
[Source "ChessBase"]
[SourceDate "2019.10.17"]
[SourceVersion "1"]
[SourceVersionDate "2019.10.17"]
[SourceQuality "1"]

1. e4 c5 2. Nc3 a6 3. g3 b5 4. Bg2 Bb7 5. d3 e6 6. f4 d5 7. f5 d4 8. fxe6 fxe6 9. Nce2 e5 10. Nf3 Nc6 11. a4 Be7 12. 0-0 Nf6 13. axb5 axb5 14. Rxa8 Qxa8 15. c3 Qa2 16. Bh3 0-0 17. Rf2 Bc8 18. Bxc8 Rxc8 19. h3 Rd8 20. cxd4 cxd4 21. Qc2 Nb4 22. Qc7 Nxd3 23. Qxe7 Re8 24. Qb7 Nxf2 25. Kxf2 d3 26. Nc3 Qc4 27. Bg5 Qc5+ 28. Kg2 Re7 29. Qa8+ Re8 30. Qb7 Re7 31. Qxb5 Qxb5 32. Nxb5 Rb7 33. Nd6 Rxb2+ 34. Nd2 h6 35. Be3 Rc2 36. Kf3 Nd7 37. Kg4 Kf8 38. Kf5 Ke7 39. N6c4 Ra2 40. Nxe5 Ra5 41. Ndc4 Rb5 42. Bd4 g5 43. h4 Ra5 44. Bc3 Rb5 45. Bb4+ Kd8 46. Bd2 Ke7 47. Bb4+ Kd8 48. Bd2 Ke7 49. hxg5 Nxe5 50. Nxe5 Kd6 51. gxh6 Rxe5+ 52. Kf4 Rh5 53. Ke3 Rxh6 54. Kxd3 Rg6 55. Bf4+ Ke6 56. Ke3 Rg8 57. Kf3 Ra8 58. Kg4 Ra4 59. e5 Ra8 60. Kf3 1/2-1/2

[Event "Wiesbaden op 31st"]
[Site "Wiesbaden"]
[Date "2019.08.24"]
[Round "4"]
[White "Marzahn, Heiko"]
[Black "Knoedler, Marcel"]
[Result "0-1"]
[WhiteElo "2041"]
[BlackElo "1647"]
[PlyCount "44"]
[EventDate "2019.08.22"]
[EventType "swiss"]
[EventRounds "7"]
[EventCountry "GER"]
[SourceTitle "EXT 2020"]
[Source "ChessBase"]
[SourceDate "2019.10.17"]
[SourceVersion "1"]
[SourceVersionDate "2019.10.17"]
[SourceQuality "1"]

1. f4 d5 2. Nf3 g6 3. e3 c5 4. Be2 Bg7 5. 0-0 e6 6. d3 Ne7 7. Qe1 Nbc6 8. c3 b5 9. a3 a5 10. e4 Bb7 11. Be3 d4 12. Bf2 e5 13. cxd4 exd4 14. Nbd2 a4 15. Rc1 Qb6 16. Kh1 Na5 17. Bd1 0-0 18. Bh4 Rfe8 19. Ne5 Bc8 20. Ng4 Nd5 21. Bf2 Nxf4 22. Bc2 Bxg4 0-1

[Event "GER-ch U18"]
[Site "Willingen"]
[Date "2019.06.14"]
[Round "8"]
[White "Knoedler, Marcel"]
[Black "Runte, Moritz"]
[Result "0-1"]
[WhiteElo "1633"]
[BlackElo "2096"]
[PlyCount "46"]
[EventDate "2019.06.09"]
[EventType "swiss"]
[EventRounds "9"]
[EventCountry "GER"]
[SourceTitle "CBM 190 Extra"]
[Source "ChessBase"]
[SourceDate "2019.07.15"]
[SourceVersion "1"]
[SourceVersionDate "2019.07.15"]
[SourceQuality "1"]

1. e4 e5 2. Nf3 Nc6 3. Bc4 Bc5 4. 0-0 Nf6 5. Nc3 d6 6. h3 Be6 7. Bxe6 fxe6 8. Na4 Nxe4 9. Qe1 Bxf2+ 10. Rxf2 Nxf2 11. Qxf2 0-0 12. Qe2 Qf6 13. d3 Nd4 14. Nxd4 exd4 15. b3 Rf7 16. Bd2 Raf8 17. Be1 Qf1+ 18. Qxf1 Rxf1+ 19. Kh2 R8f5 20. Kg3 b5 21. Nb2 Re5 22. Bc3 Rxa1 23. Bxd4 Rd5 0-1

[Event "Frankfurt-chA"]
[Site "Frankfurt"]
[Date "2018.05.07"]
[Round "2"]
[White "Kiel, Gerhard"]
[Black "Knoedler, Marcel"]
[Result "1/2-1/2"]
[WhiteElo "1580"]
[BlackElo "1672"]
[PlyCount "47"]
[EventDate "2018.04.30"]
[EventType "swiss"]
[EventRounds "7"]
[EventCountry "GER"]
[SourceTitle "EXT 2019"]
[Source "ChessBase"]
[SourceDate "2018.10.10"]
[SourceVersion "1"]
[SourceVersionDate "2018.10.10"]
[SourceQuality "1"]

1. Nf3 d5 2. g3 Nf6 3. b3 g6 4. Bb2 Bg7 5. Bg2 0-0 6. 0-0 c5 7. d3 b6 8. Nbd2 Bb7 9. Rc1 Nbd7 10. e3 Rc8 11. c4 Re8 12. cxd5 Nxd5 13. Bxg7 Kxg7 14. Nc4 Ba6 15. Nh4 Nb8 16. Qe2 e6 17. Qb2+ Qf6 18. Qxf6+ Nxf6 19. Nd6 Bxd3 20. Rfd1 Ba6 21. Bf1 Bxf1 22. Nxe8+ Nxe8 23. Kxf1 Nf6 24. Nf3 1/2-1/2

[Event "Wiesbaden op 29th"]
[Site "Wiesbaden"]
[Date "2017.08.27"]
[Round "6"]
[White "Knoedler, Marcel"]
[Black "Schoeber, Sebastian"]
[Result "0-1"]
[WhiteElo "1581"]
[BlackElo "1808"]
[PlyCount "91"]
[EventDate "2017.08.24"]
[EventType "swiss"]
[EventRounds "7"]
[EventCountry "GER"]
[SourceTitle "CBM 180 Extra"]
[Source "ChessBase"]
[SourceDate "2017.10.06"]
[SourceVersion "1"]
[SourceVersionDate "2017.10.06"]
[SourceQuality "1"]

1. c4 c5 2. g3 Nc6 3. Bg2 d6 4. Nc3 g6 5. e3 Bg7 6. b3 e5 7. Nge2 Nge7 8. 0-0 0-0 9. Bb2 Bf5 10. e4 Be6 11. d3 Qd7 12. a3 Bh3 13. f3 Bxg2 14. Kxg2 f5 15. Qd2 h5 16. h3 Kh7 17. Rh1 Bh6 18. Qc2 fxe4 19. fxe4 Be3 20. Raf1 Nd4 21. Nxd4 exd4 22. Nd1 Bh6 23. Bc1 Nc6 24. Bxh6 Kxh6 25. Qd2+ Kg7 26. Rf4 Qe7 27. Rhf1 Ne5 28. Qe2 Qg5 29. h4 Qe7 30. Qd2 Rxf4 31. gxf4 Ng4 32. Kg3 Rf8 33. Rf3 Qe6 34. f5 Qe5+ 35. Kh3 Rf6 36. Qg2 gxf5 37. exf5 Rxf5 38. Rg3 Rf7 39. Nf2 Kh7 40. Nxg4 Qf5 41. Qe4 Qxe4 42. dxe4 hxg4+ 43. Rxg4 Rf3+ 44. Rg3 Rxg3+ 45. Kxg3 a5 46. Kf3 0-1

[Event "Wiesbaden op 29th"]
[Site "Wiesbaden"]
[Date "2017.08.26"]
[Round "5"]
[White "Meding, Olaf"]
[Black "Knoedler, Marcel"]
[Result "1/2-1/2"]
[WhiteElo "1799"]
[BlackElo "1581"]
[PlyCount "76"]
[EventDate "2017.08.24"]
[EventType "swiss"]
[EventRounds "7"]
[EventCountry "GER"]
[SourceTitle "CBM 180 Extra"]
[Source "ChessBase"]
[SourceDate "2017.10.06"]
[SourceVersion "1"]
[SourceVersionDate "2017.10.06"]
[SourceQuality "1"]

1. d4 g6 2. Bf4 d6 3. e4 Bg7 4. Nc3 Nc6 5. Nge2 Bg4 6. f3 Bd7 7. Qd2 e5 8. Bg5 f6 9. Bh4 Bh6 10. Qd1 g5 11. Bf2 Nce7 12. g4 Ng6 13. Ng3 Be6 14. d5 Bd7 15. Nf5 Nf4 16. Nxh6 Nxh6 17. h4 Nf7 18. h5 h6 19. Ne2 Nxe2 20. Bxe2 0-0 21. c4 c5 22. dxc6 bxc6 23. Qd2 Be6 24. Rd1 Qc7 25. 0-0 Rfd8 26. Qd3 a5 27. b3 Rd7 28. Rd2 Rb8 29. Rb1 c5 30. Rdb2 Qc6 31. Bd1 Rdb7 32. a4 Bd7 33. Be1 Qa6 34. Bc3 Rb6 35. Bd2 Ra8 36. Kf2 Nd8 37. Be2 Ne6 38. Kg3 Nd8 1/2-1/2

[Event "Wiesbaden op 28th"]
[Site "Wiesbaden"]
[Date "2016.08.27"]
[Round "5"]
[White "Knoedler, Marcel"]
[Black "Polat, Marcel"]
[Result "1/2-1/2"]
[WhiteElo "1535"]
[BlackElo "1740"]
[PlyCount "38"]
[EventDate "2016.08.25"]
[EventType "swiss"]
[EventRounds "7"]
[EventCountry "GER"]
[SourceTitle "CBM 174 Extra"]
[Source "ChessBase"]
[SourceDate "2016.10.10"]
[SourceVersion "1"]
[SourceVersionDate "2016.10.10"]
[SourceQuality "1"]

1. d4 Nf6 2. Nf3 g6 3. c4 Bg7 4. e3 e6 5. b3 0-0 6. Bb2 d6 7. Nbd2 Bd7 8. Qc2 Nc6 9. Be2 Re8 10. 0-0 a5 11. a3 d5 12. c5 h6 13. Bc3 Nh7 14. Rfe1 f5 15. g3 Bf6 16. Kh1 Ng5 17. Nxg5 Bxg5 18. f4 Bf6 19. Rg1 Kh7 1/2-1/2

[Event "Wiesbaden op 27th"]
[Site "Wiesbaden"]
[Date "2015.08.30"]
[Round "7"]
[White "Knoedler, Marcel"]
[Black "Moseler, Thomas"]
[Result "0-1"]
[WhiteElo "1253"]
[BlackElo "1621"]
[PlyCount "154"]
[EventDate "2015.08.27"]
[EventType "swiss"]
[EventRounds "7"]
[EventCountry "GER"]
[SourceTitle "EXT 2016"]
[Source "ChessBase"]
[SourceDate "2015.10.08"]
[SourceVersion "1"]
[SourceVersionDate "2015.10.08"]
[SourceQuality "1"]

1. d4 Nf6 2. c4 e6 3. Nf3 d5 4. e3 b6 5. Nbd2 Bb7 6. Be2 c5 7. cxd5 Bxd5 8. dxc5 Bxc5 9. Nb3 Bb4+ 10. Bd2 Bxd2+ 11. Qxd2 0-0 12. 0-0 Qe7 13. Rfd1 Ne4 14. Qe1 Nd7 15. Nbd2 Ndf6 16. a3 Rac8 17. Rac1 Rfd8 18. Nxe4 Nxe4 19. h3 Qf6 20. Rxc8 Rxc8 21. Rc1 Rxc1 22. Qxc1 h6 23. Bd3 Nc5 24. Be2 Qe7 25. b4 Ne4 26. Qc8+ Kh7 27. Bd3 g6 28. Bxe4 Bxe4 29. Nd2 Bb7 30. Qc3 Qg5 31. f3 Qe7 32. a4 Qd6 33. Qf6 Kg8 34. Qd4 Qxd4 35. exd4 Bc6 36. a5 bxa5 37. bxa5 Kf8 38. Kf2 Ke7 39. Nc4 f6 40. Ke3 Bb5 41. Nd2 Kd7 42. g3 Kc6 43. Ne4 f5 44. Nf6 Kb7 45. d5 exd5 46. Nxd5 Ka6 47. Ne7 Be8 48. Kd4 Kxa5 49. Nc8 a6 50. Kc5 g5 51. f4 gxf4 52. gxf4 Bb5 53. Nd6 Bd3 54. Kd4 Bb1 55. Nc4+ Kb4 56. Nb6 a5 57. Nd5+ Kb3 58. h4 Bc2 59. Ne3 a4 60. Nc4 Be4 61. Nd2+ Kb2 62. Nc4+ Kc2 63. Ne3+ Kb3 64. Nc4 Bc2 65. Nd2+ Ka2 66. Kc3 Bb3 67. Nf3 Kb1 68. Nd2+ Kc1 69. Nf3 Bd5 70. Nd4 a3 71. Nc2 a2 72. Na1 Kd1 73. Kb2 Ke2 74. Nc2 Kf3 75. Ne1+ Kxf4 76. Nd3+ Kg3 77. h5 f4 0-1

[Event "Wiesbaden op 27th"]
[Site "Wiesbaden"]
[Date "2015.08.29"]
[Round "4"]
[White "Wilk, David"]
[Black "Knoedler, Marcel"]
[Result "0-1"]
[WhiteElo "1734"]
[BlackElo "1253"]
[PlyCount "56"]
[EventDate "2015.08.27"]
[EventType "swiss"]
[EventRounds "7"]
[EventCountry "GER"]
[SourceTitle "EXT 2016"]
[Source "ChessBase"]
[SourceDate "2015.10.08"]
[SourceVersion "1"]
[SourceVersionDate "2015.10.08"]
[SourceQuality "1"]

1. e4 c6 2. c4 e5 3. Nf3 d6 4. d4 exd4 5. Qxd4 c5 6. Qc3 h6 7. Bd3 Nc6 8. 0-0 Bg4 9. Nbd2 Be7 10. a3 Nf6 11. b4 Ne5 12. Nxe5 dxe5 13. f3 Be6 14. Nb3 cxb4 15. axb4 Bxb4 16. Qxb4 Qxd3 17. Ba3 Qe3+ 18. Kh1 0-0-0 19. Nc5 b6 20. Nxe6 fxe6 21. Bb2 Rd7 22. Qb5 Qc5 23. Qa6+ Kb8 24. Ba3 Qc8 25. Qb5 Qc7 26. c5 Rc8 27. cxb6 axb6 28. Rfc1 Qxc1+ 0-1

[Event "Hessen-ch U17 op"]
[Site "Bad Homburg"]
[Date "2015.04.01"]
[Round "4"]
[White "Timpel, Kaan"]
[Black "Knoedler, Marcel"]
[Result "1-0"]
[WhiteElo "1091"]
[BlackElo "1189"]
[PlyCount "117"]
[EventDate "2015.03.30"]
[EventType "swiss"]
[EventRounds "7"]
[EventCountry "GER"]
[SourceTitle "EXT 2017"]
[Source "ChessBase"]
[SourceDate "2016.10.25"]
[SourceVersion "1"]
[SourceVersionDate "2016.10.25"]
[SourceQuality "1"]

1. e4 c5 2. Bc4 Nc6 3. c3 e6 4. d4 cxd4 5. cxd4 d5 6. exd5 exd5 7. Bb5 Bd7 8. Nc3 Bb4 9. a3 Ba5 10. b4 Bb6 11. a4 Bxd4 12. Bb2 Bxc3+ 13. Bxc3 Qe7+ 14. Qe2 Qxe2+ 15. Nxe2 f6 16. 0-0 a6 17. Bd3 Nh6 18. b5 Ne7 19. Bb4 Kf7 20. Nf4 Rhe8 21. Rfe1 g6 22. h3 Nhg8 23. Rad1 axb5 24. axb5 Ra4 25. Bd6 Ra5 26. b6 Nc8 27. Bc7 Nge7 28. Bc2 Ra6 29. Nxd5 Nxd5 30. Rxe8 Kxe8 31. Rxd5 Nxb6 32. Rd6 Na8 33. Rxa6 bxa6 34. Ba5 Bc6 35. Kh2 Kd7 36. g4 Bd5 37. Bd3 Nc7 38. Bxc7 Kxc7 39. Bxa6 g5 40. Bd3 h6 41. Bg6 Kd6 42. Kg3 Ke5 43. h4 Be6 44. f3 Bc4 45. Be4 Be6 46. Bg6 Kd4 47. Bf5 gxh4+ 48. Kxh4 Bxf5 49. gxf5 Ke5 50. Kg4 h5+ 51. Kxh5 Kxf5 52. Kh6 Ke6 53. Kg6 Ke5 54. Kh5 Kf5 55. Kh6 Ke5 56. Kg6 Ke6 57. Kh5 Kd5 58. f4 f5 59. Kg6 1-0

[Event "Hessen-ch U17 op"]
[Site "Bad Homburg"]
[Date "2015.03.30"]
[Round "2"]
[White "Ripp, Moritz"]
[Black "Knoedler, Marcel"]
[Result "0-1"]
[WhiteElo "1310"]
[BlackElo "1189"]
[PlyCount "66"]
[EventDate "2015.03.30"]
[EventType "swiss"]
[EventRounds "7"]
[EventCountry "GER"]
[SourceTitle "EXT 2017"]
[Source "ChessBase"]
[SourceDate "2016.10.25"]
[SourceVersion "1"]
[SourceVersionDate "2016.10.25"]
[SourceQuality "1"]

1. e4 c5 2. Nf3 e6 3. d4 cxd4 4. Nxd4 a6 5. Bd3 Bc5 6. Be3 Nc6 7. c3 Qb6 8. Bc2 Bxd4 9. Bxd4 Nxd4 10. Qxd4 Qxd4 11. cxd4 b5 12. Nc3 Bb7 13. a3 Ne7 14. 0-0 0-0 15. Rad1 d6 16. Rd2 Rfe8 17. Re1 Ng6 18. a4 b4 19. Na2 a5 20. b3 Rac8 21. e5 d5 22. Nc1 Ne7 23. Nd3 Ra8 24. Nc5 Ba6 25. Re3 h6 26. Rd1 Rec8 27. Rc1 Nc6 28. Bb1 Nxd4 29. Bd3 Bxd3 30. Nxd3 Rxc1+ 31. Nxc1 Rc8 32. Re1 Rc3 33. g3 Nf3+ 0-1

[Event "Wiesbaden op 25th"]
[Site "Wiesbaden"]
[Date "2013.08.25"]
[Round "6"]
[White "Knoedler, Marcel"]
[Black "Kuenitz, Klaus"]
[Result "0-1"]
[WhiteElo "929"]
[BlackElo "1527"]
[PlyCount "114"]
[EventDate "2013.08.22"]
[EventType "swiss"]
[EventRounds "7"]
[EventCountry "GER"]
[SourceTitle "CBM 156 Extra"]
[Source "ChessBase"]
[SourceDate "2013.10.22"]
[SourceVersion "1"]
[SourceVersionDate "2013.10.22"]
[SourceQuality "1"]

1. g3 f5 2. Nf3 Nf6 3. d4 g6 4. Bg2 Bg7 5. b3 0-0 6. Bb2 d6 7. 0-0 c6 8. Re1 Na6 9. a3 Nc7 10. Nbd2 Nh5 11. Ra2 f4 12. Nf1 Bg4 13. Qa1 h6 14. c4 g5 15. Rd1 Qe8 16. d5 c5 17. Bxg7 Nxg7 18. b4 b6 19. Kh1 Qh5 20. Ng1 Nf5 21. f3 Nxg3+ 22. Nxg3 fxg3 23. h3 Bd7 24. Rd3 g4 25. fxg4 Qg6 26. Rxg3 Rf4 27. Bf3 Rxc4 28. Rb2 cxb4 29. axb4 Qf6 30. Qb1 Nb5 31. Be4 Nc3 32. Qd3 Nxe4 33. Rf3 Qxb2 34. Qxc4 Nd2 35. Qf4 Nxf3 36. Nxf3 Qf6 37. Qxf6 exf6 38. Nd2 a5 39. Ne4 a4 40. Nxf6+ Kg7 41. Nxd7 a3 42. Nxb6 a2 43. Nc4 a1Q+ 44. Kg2 Rf8 45. Ne3 Qd4 46. Nf5+ Rxf5 47. gxf5 Kf6 48. Kf3 Kxf5 49. b5 Qxd5+ 50. Ke3 Qxb5 51. Kf3 Qb3+ 52. e3 d5 53. h4 d4 54. Ke2 Qxe3+ 55. Kd1 d3 56. h5 Qe2+ 57. Kc1 Qc2# 0-1

[Event "Wiesbaden op 25th"]
[Site "Wiesbaden"]
[Date "2013.08.23"]
[Round "3"]
[White "Roth, Michael"]
[Black "Knoedler, Marcel"]
[Result "1-0"]
[WhiteElo "1607"]
[BlackElo "929"]
[PlyCount "85"]
[EventDate "2013.08.22"]
[EventType "swiss"]
[EventRounds "7"]
[EventCountry "GER"]
[SourceTitle "EXT 2014"]
[Source "ChessBase"]
[SourceDate "2013.11.20"]
[SourceVersion "1"]
[SourceVersionDate "2013.11.20"]
[SourceQuality "1"]

1. e4 b6 2. d4 Bb7 3. d5 Nf6 4. Nc3 d6 5. f4 Nbd7 6. Bb5 a6 7. Ba4 b5 8. Bb3 b4 9. Nce2 Nxe4 10. Qd4 Nef6 11. f5 Ne5 12. Nf4 Qd7 13. a3 bxa3 14. Rxa3 Qxf5 15. Nge2 Qe4 16. Qc3 Qf5 17. 0-0 Qd7 18. Nd4 Rc8 19. Qb4 c6 20. Ba4 Ne4 21. Qb6 Nc5 22. dxc6 Bxc6 23. Bxc6 Nxc6 24. Nxc6 Qxc6 25. Qxc6+ Rxc6 26. Rc3 g6 27. b4 Bg7 28. Rc4 e5 29. Nd5 h6 30. Ba3 0-0 31. Ne7+ Kh7 32. Nxc6 Rc8 33. Ne7 Rc7 34. Rxf7 Ne6 35. Rxc7 Nxc7 36. Nf5 Ne6 37. Nxd6 e4 38. Kf1 Ng5 39. Rb7 e3 40. Bb2 e2+ 41. Kxe2 h5 42. Rxg7+ Kh6 43. h4 1-0

[Event "Hessen-ch U12"]
[Site "Bad Homburg"]
[Date "2013.??.??"]
[Round "2"]
[White "Knoedler, Marcel"]
[Black "Scherer, Sarah"]
[Result "1-0"]
[WhiteElo "892"]
[BlackElo "1118"]
[PlyCount "127"]
[EventDate "2013.03.??"]
[EventType "swiss"]
[EventRounds "9"]
[EventCountry "GER"]
[SourceTitle "EXT 2014"]
[Source "ChessBase"]
[SourceDate "2013.11.20"]
[SourceVersion "1"]
[SourceVersionDate "2013.11.20"]
[SourceQuality "1"]

1. Nc3 c5 2. Nf3 Nf6 3. g3 g6 4. Bg2 Nc6 5. 0-0 Bg7 6. d3 0-0 7. Bf4 d6 8. Qd2 Bg4 9. Rae1 Nb4 10. a3 Nbd5 11. Nxd5 Nxd5 12. Bh6 Bxb2 13. Bxf8 Bc3 14. Qh6 Bxf3 15. Bxf3 Nc7 16. Bg4 Qxf8 17. Qxf8+ Rxf8 18. Rb1 b5 19. Bf3 b4 20. Bc6 bxa3 21. Rb3 Bb4 22. c3 Ba5 23. Rxa3 Bb6 24. Rd1 Ne6 25. e3 Rc8 26. Bd7 Rd8 27. Bxe6 fxe6 28. d4 cxd4 29. exd4 Rf8 30. Rf1 Rf5 31. Raa1 Rf3 32. Ra3 Bxd4 33. Kg2 Rd3 34. Re1 e5 35. Rea1 Bxc3 36. Rc1 Bb2 37. Rc8+ Kg7 38. Rxd3 a5 39. Ra8 e4 40. Re3 Bd4 41. Rxe4 Bc3 42. g4 Kf6 43. f4 d5 44. Re3 d4 45. g5+ Kf7 46. Rxc3 dxc3 47. Rc8 a4 48. Rxc3 Ke6 49. Ra3 Kf5 50. Rxa4 e5 51. Kg3 exf4+ 52. Rxf4+ Kxg5 53. h4+ Kh5 54. Rf7 Kh6 55. Kg4 g5 56. hxg5+ Kg6 57. Rf6+ Kg7 58. Rh6 Kg8 59. g6 hxg6 60. Rxg6+ Kh7 61. Kf5 Kh8 62. Kf6 Kh7 63. Kf7 Kh8 64. Rh6# 1-0

[Event "Hessen-ch U12"]
[Site "Bad Homburg"]
[Date "2013.??.??"]
[Round "9"]
[White "Maar, Felicitas"]
[Black "Knoedler, Marcel"]
[Result "0-1"]
[WhiteElo "838"]
[BlackElo "892"]
[PlyCount "84"]
[EventDate "2013.03.??"]
[EventType "swiss"]
[EventRounds "9"]
[EventCountry "GER"]
[SourceTitle "EXT 2014"]
[Source "ChessBase"]
[SourceDate "2013.11.20"]
[SourceVersion "1"]
[SourceVersionDate "2013.11.20"]
[SourceQuality "1"]

1. e4 b6 2. Nf3 Bb7 3. Nc3 e6 4. Be2 Bb4 5. 0-0 Bxc3 6. bxc3 Bxe4 7. Ne5 Qg5 8. f3 Bb7 9. d3 Qxe5 10. d4 Qd6 11. Qd3 h6 12. c4 Nf6 13. Ba3 c5 14. f4 Qc6 15. Bf3 Qc7 16. d5 0-0 17. Bb2 Qd8 18. Qc3 Kh8 19. Rae1 Rg8 20. Be4 exd5 21. Bf5 d4 22. Qd3 Qc8 23. Re2 Qc6 24. Rff2 Ba6 25. Be4 d5 26. Rd2 Nxe4 27. Rf3 Bxc4 28. Qa3 Nxd2 29. Rg3 Qe6 30. h3 Qe1+ 31. Kh2 Nf1+ 32. Kg1 Qxg3 33. Qxg3 Nxg3 34. Kh2 Ne4 35. h4 g5 36. Kh3 Bf1 37. Bc1 Nc6 38. a4 Rg7 39. a5 Rag8 40. axb6 gxh4 41. Kxh4 Rxg2 42. b7 Rh2# 0-1

[Event "Hessen-ch U12"]
[Site "Bad Homburg"]
[Date "2013.??.??"]
[Round "7"]
[White "Mastmeyer, Lars Quentin"]
[Black "Knoedler, Marcel"]
[Result "1-0"]
[WhiteElo "1056"]
[BlackElo "892"]
[PlyCount "95"]
[EventDate "2013.03.??"]
[EventType "swiss"]
[EventRounds "9"]
[EventCountry "GER"]
[SourceTitle "EXT 2014"]
[Source "ChessBase"]
[SourceDate "2013.11.20"]
[SourceVersion "1"]
[SourceVersionDate "2013.11.20"]
[SourceQuality "1"]

1. e4 b6 2. d4 Bb7 3. Nc3 e6 4. Nf3 Bb4 5. Bd3 Nf6 6. Bd2 h6 7. Qe2 d5 8. e5 Nfd7 9. a3 Bxc3 10. Bxc3 Nc6 11. 0-0 Qe7 12. b4 0-0-0 13. Bd2 Rhf8 14. c4 f6 15. b5 Ncb8 16. Bb4 Qe8 17. Bxf8 Qxf8 18. cxd5 fxe5 19. Nxe5 Nxe5 20. dxe5 Bxd5 21. Be4 Bxe4 22. Qxe4 Qf5 23. Qxf5 exf5 24. f4 g5 25. Rf2 Re8 26. Re1 Nd7 27. fxg5 Nxe5 28. Rfe2 Kd7 29. Rxe5 Rxe5 30. Rxe5 hxg5 31. Rxf5 g4 32. Rg5 c6 33. Rg7+ Kc8 34. bxc6 a5 35. Rb7 b5 36. Rxb5 Kc7 37. Rxa5 Kxc6 38. Ra4 Kd7 39. Rb4 Ke6 40. a4 Kd6 41. a5 Kc5 42. Rb1 Kd4 43. a6 Ke5 44. a7 Kd4 45. a8Q Ke5 46. Rb5+ Kd6 47. Qd5+ Ke7 48. Qc6 1-0